Chození po alenkách /

Main Author: Hons, Václav, 1938-
Language: Czech
Published: Praha : Radix, 2018
Edition: Vydání první
Physical Description: 179 stran ; 17 cm
Book
Saved in:
LEADER 01088nam a2200349 i 4500
001 nkc20183002649
003 CZ PrNK
005 20181203164328.0
007 ta
008 180619s2018 xr g 000 p cze
015 |a cnb003002649 
020 |a 978-80-87573-33-4  |q (vázáno) :  |c Kč 219,00 
035 |a (OCoLC)1078645684 
040 |a OLA001  |b cze  |d ABA001  |e rda 
072 7 |a 821.162.3-1  |x Česká poezie  |2 Konspekt  |9 25 
080 |a 821.162.3-1  |2 MRF 
080 |a (0:82-1)  |2 MRF 
100 1 |a Hons, Václav,  |d 1938-  |7 jk01041939  |4 aut 
245 1 0 |a Chození po alenkách /  |c Václav Hons 
250 |a Vydání první 
264 1 |a Praha :  |b Radix,  |c 2018 
300 |a 179 stran ;  |c 17 cm 
336 |a text  |b txt  |2 rdacontent 
337 |a bez média  |b n  |2 rdamedia 
338 |a svazek  |b nc  |2 rdacarrier 
655 7 |a česká poezie  |7 fd133958  |2 czenas 
655 9 |a Czech poetry  |2 eczenas 
910 2 |a BOA001  |b 1-1410.952 
990 |a BK 
995 |a 01 
991 |b 201807  |c NOV 
996 6 |b 2610749925  |c 1-1410.952  |l MZK  |r Sklad / do 1 hodiny  |n 0  |p p.v.  |w 001675601  |u 000010  |a 1  |e BOA001  |j MZK50  |s P